Komparatívna analýza ekonomických softvérov bakalárska práca

Salvato in:
Dettagli Bibliografici
Autore principale: Petríková, Tamara
Ente Autore: Fakulta hospodárskej informatiky EU. Katedra aplikovanej informatiky
Altri autori: Szivósová, Mária, 1958-
Natura: Libro
Lingua:slovacco
Pubblicazione: Bratislava 2024
Tags: Aggiungi Tag
Nessun Tag, puoi essere il primo ad aggiungerne!!

MARC

LEADER 00000nbm a2200000 4500
001 0302561
005 20250902140305.5
041 0 |a slo 
044 |a SK 
245 1 0 |a Komparatívna analýza ekonomických softvérov  |b bakalárska práca  |c Tamara Petríková ; školiteľ: Mária Szivósová 
264 1 |a Bratislava  |c 2024 
300 |a 51 s. 
100 1 |a Petríková, Tamara 
700 1 |a Szivósová, Mária, 1958- 
710 2 |a Fakulta hospodárskej informatiky EU. Katedra aplikovanej informatiky